TESS (Record n. 106685)

Dettagli MARC
000 -LEADER
fixed length control field 01842agaaa2200313 4500
001 - CONTROL NUMBER
control field 5413
003 - CONTROL NUMBER IDENTIFIER
control field IT-RoPAU
005 - DATE AND TIME OF LATEST TRANSACTION
control field 20220918181249.0
007 - PHYSICAL DESCRIPTION FIXED FIELD--GENERAL INFORMATION
fixed length control field d cvaizq
008 - FIXED-LENGTH DATA ELEMENTS--GENERAL INFORMATION
fixed length control field 50131s9999||||xx ||| | || ||und||
040 ## - CATALOGING SOURCE
Original cataloging agency IT-RoPAU
Transcribing agency IT-RoPAU
041 ## - LANGUAGE CODE
Language code of text/sound track or separate title ITALIANO
100 ## - MAIN ENTRY--PERSONAL NAME
Personal name Polanski Roman
Miscellaneous information Codice regista SPICS: 1627
9 (RLIN) 48189
130 ## - MAIN ENTRY--UNIFORM TITLE
Uniform title TESS
9 (RLIN) 48190
245 ## - TITLE STATEMENT
Title TESS
Statement of responsibility, etc. Prodotto da: Berri Claude -- Sceneggiatura: Brach Gerard Brownjohn John Polanski Roman -- Diretto da: Polanski Roman
Name of part/section of a work TESS (Rif. Codice opera principale : H5413)
250 ## - EDITION STATEMENT
Edition statement Edizione Standard
260 ## - PUBLICATION, DISTRIBUTION, ETC. (IMPRINT)
Place of publication, distribution, etc. FRANCIA (FRANCIA - UK)
Name of publisher, distributor, etc. RENN PRODUCTIONS / Distribuzione: RICORDI
Date of manufacture "1979 (1° ed.: 2005 ; Ed. Lingua Orig.: 1979)"
300 ## - PHYSICAL DESCRIPTION
Extent DVD
Other physical details sonoro, col.
Dimensions 190 minuti
508 ## - CREATION/PRODUCTION CREDITS NOTE
Creation/production credits note "Fotografia: Cloquet G Unsworth G; Montaggio: Mcintyre Alastair; Musica: Sarde Philippe; Sceneggiatura: Brach Gerard Brownjohn John Polanski Roman; Scenografia: Stephens Jack; "
511 ## - PARTICIPANT OR PERFORMER NOTE
Participant or performer note "Kinski Nastassja; Firth Peter; Bett John; Chadbon Tom; Collin John; Dunlop Leslie"
520 ## - SUMMARY, ETC.
Summary, etc. INGHILTERRA, XIX SECOLO. LE VICISSITUDINI E I DRAMMI SENTIMENTALI DI UNA GIOVANE DONNA SEDOTTA E ABBANDONATA DA UN UOMO SENZA SCRUPOLI. PRIMA IL RIPUDIO DEL MARITO CHE SCOPRE IL SUO PASSATO. IL DELIRIO DELLA VENDETTA CHE POISFOCIA IN UN TURPE OMICIDIO. MELODRAMMA D'ALTRI TEMPI SOFISTICATO E SENSUALE. VINCITORE DI E PREMI OSCAR 1980 (MIGLIOR FOTOGRAFIA, MIGLIOR SCENEGGIATIURA, MIGLIORI COSTUMI).
538 ## - SYSTEM DETAILS NOTE
System details note PAL, STEREO
546 ## - LANGUAGE NOTE
Language note ITALIANO
650 ## - SUBJECT ADDED ENTRY--TOPICAL TERM
Topical term or geographic name as entry element DRAMMATICO
Relator term DVD-FILM [DVD]
General subdivision Codice MATERIA SPICS: 9947
9 (RLIN) 48191
700 ## - ADDED ENTRY--PERSONAL NAME
Personal name Hardy Thomas
Relator term (soggetto)
Miscellaneous information Codice Soggetto SPICS: 28885
9 (RLIN) 48192
700 ## - ADDED ENTRY--PERSONAL NAME
Personal name Polanski Roman
Relator term (regista)
Miscellaneous information Codice regista SPICS: 1627
9 (RLIN) 48193
700 ## - ADDED ENTRY--PERSONAL NAME
Personal name Sarde Philippe
Relator term (musica)
Miscellaneous information Codice Musica SPICS: 11145
9 (RLIN) 48194
942 ## - ADDED ENTRY ELEMENTS (KOHA)
Koha item type DVD
Source of classification or shelving scheme Dewey Decimal Classification
Dati di copia
Withdrawn status Lost status Damaged status Not for loan Home library Current library Date acquired Total Checkouts Full call number Date last seen Price effective from Koha item type Public note
    Buone Condizioni Not For Loan SPICS-MEDIATECA SPICS-MEDIATECA 31/01/2015   H5413 31/01/2015 31/01/2015 DVD Progr. Ins.: 3273 / N.Vol.:1 / Copie: 1 / Pag.:0 / Copia rara: n.d. / date import: 1.2.2015 / By Epidotti, Trombetti, Vaglietti
CREDITS: SOCIETA' SAN PAOLO Via A.Severo, 58 - ROMA (RM) & PERIODICI SAN PAOLO SRL Via Giotto, 36 MILANO & CISF Via Giotto, 36 MILANO & EDIZIONI SAN PAOLO SRL,  Piazza Soncino, 5 CINISELLO BALSAMO (MI) -- ITALY